Homenaje nacional a Lucio Junio Moderato Columela / (Record no. 80465)

MARC details
000 -LEADER
campo de control de longitud fija 00790nam a2200205 i 4500
001 - NÚMERO DE CONTROL
campo de control 80465
003 - IDENTIFICADOR DE NÚMERO DE CONTROL
campo de control ES-MaACL
005 - FECHA Y HORA DE LA ÚLTIMA TRANSACCIÓN
campo de control 20230906174224.0
007 - CAMPO FIJO DE DESCRIPCIÓN FÍSICA--INFORMACIÓN GENERAL
campo de control de longitud fija t|
008 - DATOS DE LONGITUD FIJA--INFORMACIÓN GENERAL
campo de control de longitud fija 041028s1975 sp 01110dspa d
020 ## - NÚMERO INTERNACIONAL ESTÁNDAR DEL LIBRO
Número Internacional Estándar del Libro 84-500-6869-X
080 ## - NÚMERO DE LA CLASIFICACIÓN DECIMAL UNIVERSAL
Número de la Clasificación Decimal Universal 929:63 Columela, Lucio Junio Moderato
110 2# - ENTRADA PRINCIPAL--NOMBRE DE ENTIDAD CORPORATIVA
Nombre de entidad corporativa o nombre de jurisdicción como elemento de entrada Asociación de Publicistas y Escritores Agrarios Españoles.
9 (RLIN) 1630
245 10 - MENCIÓN DEL TÍTULO
Título Homenaje nacional a Lucio Junio Moderato Columela /
Mención de responsabilidad, etc. [organizado por la Asociación de Publicistas y Escritores Agrarios Españoles].
260 ## - PUBLICACIÓN, DISTRIBUCIÓN, ETC.
Lugar de publicación, distribución, etc. Cádiz :
Nombre del editor, distribuidor, etc. Asociación de Publicistas y Escritores Agrarios Españoles,
Fecha de publicación, distribución, etc. 1975.
300 ## - DESCRIPCIÓN FÍSICA
Extensión 144 p., 1 lám. ;
Dimensiones 25 cm.
600 14 - PUNTO DE ACCESO ADICIONAL DE MATERIA--NOMBRE DE PERSONA
Nombre de persona Columela, Lucio Junio Moderato.
9 (RLIN) 39911
700 1# - ENTRADA AGREGADA--NOMBRE PERSONAL
Nombre de persona Columela, Lucio Junio Moderato.
9 (RLIN) 39911
852 ## - LOCALIZACIÓN
Ubicación ES-MaACL
Número de control de estantería E-8276
Holdings
Estatus retirado Estado de pérdida Estado de daño No para préstamo Biblioteca de origen Biblioteca actual Ubicación en estantería Fecha de adquisición Fuente de adquisición Total de préstamos Signatura topográfica completa Código de barras Visto por última vez Precio de reemplazo Tipo de ítem Koha
        Biblioteca del Ateneo de Madrid Biblioteca del Ateneo de Madrid Depósito 2 17/01/2008     E-8276 1084127 23/02/2023 23/02/2023 Libro impreso